000 00493nam a22001817a 4500
999 _c3863
_d3820
008 190914b ||||| |||| 00| p eng d
020 _a9753422431
041 _atur
050 _aPL248.M388
100 _9291
_a Matur,Bejan
245 _aRüzgâr Dolu Konaklar
250 _a2.Basım
260 _aİstanbul:
_bMetis Yayınları,
_cMayıs 1999
300 _a114 Sayfa
500 _a..."İlk Basım ; Avesta Yayınları, Eylül 1996"
650 0 _9145
_aTürk Edebiyatı
942 _2lcc
_cBK